000 00380nam a2200109 a 4500
008 120416s9999 xx |||||||||||||| || u
050 _aNC 650 Jon
100 _aJones, Sydney R
245 1 0 _aHow to draw houses
350 _a0.00
995 _D0.00
_FCBU-MAIN LIBRARY (Kitwe)
_H1
_I0.00
_UAVAILABLE
_ZAnnex Low-Usage Collection
999 _c45801
_d45801